[Event "Santa Margalida Mallorca-ch"]
[Site "Santa Margalida"]
[Date "2016.11.19"]
[Round "4"]
[White "Sureda Gonzalez, Cristina"]
[Black "Campaner Amengual, Miquel"]
[Result "0-1"]
[WhiteElo "1154"]
[BlackElo "1484"]
[PlyCount "67"]
[EventDate "2016.11.11"]
[EventType "swiss"]
[EventRounds "8"]
[EventCountry "ESP"]
[SourceTitle "EXT 2018"]
[Source "ChessBase"]
[SourceDate "2017.10.13"]
[SourceVersion "1"]
[SourceVersionDate "2017.10.13"]
[SourceQuality "1"]

1. e4 e5 2. Nf3 Nc6 3. d4 exd4 4. Nxd4 Qf6 5. Be3 Bc5 6. Nxc6 Qxc6 7. Bxc5 Qxc5 8. Nc3 d6 9. Bd3 Nf6 10. 0-0 Qg5 11. f4 Qc5+ 12. Kh1 Ng4 13. Qe2 Nf6 14. f5 h5 15. Rae1 Bd7 16. e5 dxe5 17. Qxe5+ Qxe5 18. Rxe5+ Kd8 19. Rfe1 Ng4 20. Re7 Rf8 21. h3 Nf2+ 22. Kg1 Nxd3 23. cxd3 Bxf5 24. d4 Be6 25. Nd5 Bxd5 26. R7e5 Bxa2 27. Rxh5 c6 28. Rh7 g6 29. Rh4 Be6 30. Rhe4 Ke7 31. Rc1 Rad8 32. b4 Rd5 33. Kf2 Rfd8 34. Ke3 0-1

[Event "Santa Margalida Mallorca-ch"]
[Site "Santa Margalida"]
[Date "2016.11.18"]
[Round "3"]
[White "Campaner Amengual, Miquel"]
[Black "Cernat, Daniel"]
[Result "0-1"]
[WhiteElo "1484"]
[BlackElo "1687"]
[PlyCount "66"]
[EventDate "2016.11.11"]
[EventType "swiss"]
[EventRounds "8"]
[EventCountry "ESP"]
[SourceTitle "EXT 2018"]
[Source "ChessBase"]
[SourceDate "2017.10.13"]
[SourceVersion "1"]
[SourceVersionDate "2017.10.13"]
[SourceQuality "1"]

1. e4 e6 2. Bc4 c6 3. d3 Ne7 4. Nc3 Ng6 5. Nf3 Be7 6. Be3 d6 7. d4 Nd7 8. Bd3 e5 9. d5 c5 10. a3 Nf6 11. Bb5+ Bd7 12. Qe2 a6 13. Bxd7+ Qxd7 14. 0-0 Ng4 15. Bg5 f6 16. Bd2 h5 17. h3 Nh6 18. a4 Nf7 19. a5 Bd8 20. Na4 Nf4 21. Qe3 g5 22. Nh2 Nh6 23. Nb6 Bxb6 24. axb6 h4 25. Qf3 Ke7 26. g3 Nxh3+ 27. Kg2 Raf8 28. Rh1 Qb5 29. Nf1 Qxb2 30. Rc1 g4 31. Qe2 f5 32. Ne3 f4 33. Nxg4 f3+ 0-1

[Event "Santa Margalida Mallorca-ch"]
[Site "Santa Margalida"]
[Date "2016.11.11"]
[Round "1"]
[White "Campaner Amengual, Miquel"]
[Black "Torres Tur, Juan"]
[Result "0-1"]
[WhiteElo "1484"]
[BlackElo "2002"]
[PlyCount "38"]
[EventDate "2016.11.11"]
[EventType "swiss"]
[EventRounds "8"]
[EventCountry "ESP"]
[SourceTitle "EXT 2018"]
[Source "ChessBase"]
[SourceDate "2017.10.13"]
[SourceVersion "1"]
[SourceVersionDate "2017.10.13"]
[SourceQuality "1"]

1. e4 c5 2. Bc4 d6 3. Nc3 Nf6 4. d3 g6 5. h3 Bg7 6. Nf3 Nc6 7. a3 0-0 8. Be3 e6 9. Qd2 d5 10. Bb3 d4 11. e5 Nd7 12. Bg5 dxc3 13. Qxc3 Ndxe5 14. 0-0-0 Nxf3 15. Qxg7+ Kxg7 16. Bxd8 Rxd8 17. gxf3 Nd4 18. f4 Nxb3+ 19. cxb3 Rd4 0-1